Logo BPK

Biblioteka

Politechniki Koszalińskiej

Wielki słownik rosyjsko-polski z kluczem polsko-rosyjskim = (Rekord nr 54653)

Szczegóły MARC
000 -ETYKIETA REKORDU
podpole kontrolne o stałej długości 00978nam a2200265 i 4500
001 - NUMER KONTROLNY REKORDU
pole kontrolne bg
015 ## - NUMER BIBLIOGRAFII NARODOWEJ
Numer bibliografii narodowej PB 1565/2005
020 ## - MIĘDZYNARODOWY ZNORMALIZOWANY NUMER KSIĄŻKI - ISBN
ISBN 8301141719
040 ## - ŹRÓDŁO KATALOGOWANIA
Instytucja, która utworzyła rekord BPK
041 0# - KOD JĘZYKA
Kod języka tekstu rus
-- pol
044 ## - KOD KRAJU WYDAWCY/PRODUCENTA
Kod kraju wydawcy/producenta POL
080 ## - UNIWERSALNA KLASYFIKACJA DZIESIĘTNA - UKD
UKD 811.162.1:811.161.1]'374
920 ## - Międzynarodowy znormalizowany numer książki – ISBN
ISBN 83-01-14171-9
008 - POLE O STAŁEJ DŁUGOŚCI - DANE KONTROLNE
podpole kontrolne o stałej długości s pl f |000 0 pol
245 00 - TYTUŁ/ODPOWIEDZIALNOŚĆ
Tytuł Wielki słownik rosyjsko-polski z kluczem polsko-rosyjskim =
Ciąg dalszy tytułu Russko-pol'skij slovar' /
Pozostałe elementy strefy tytułu i oznaczenia odpowiedzialności Jan Wawrzyńczyk [et al.] ; red. nacz. Jan Wawrzyńczyk.
246 11 - WARIANT TYTUŁU
Tytuł Russko-pol'skij slovar'
260 ## - STREFA ADRESU WYDAWNICZEGO
Miejsce wydania Warszawa :
Nazwa wydawcy/dystrybutora Wydawnictwo Naukowe PWN,
Data publikacji, dystrybucji/powstania dokumentu 2004.
300 ## - STREFA OPISU FIZYCZNEGO
Objętość 1360 s. ;
Rozmiary 27 cm.
500 ## - UWAGI OGÓLNE
Tekst uwagi Na okł. podtyt.: russkij. Tyt. ze s. przedtyt.: Pol'skij-russkij. Tyt. grzbiet.: Wielki słownik rosyjsko-polski : russkij.
650 #9 - HASŁO PRZEDMIOTOWE W FORMIE NAZWY OGÓLNEJ LUB JEDNOSTKOWEJ
Nazwa ogólna lub geograficzna Słownik polsko-rosyjski
650 #9 - HASŁO PRZEDMIOTOWE W FORMIE NAZWY OGÓLNEJ LUB JEDNOSTKOWEJ
Nazwa ogólna lub geograficzna Słownik rosyjsko-polski
700 1# - HASŁO DODATKOWE - NAZWA OSOBOWA
Nazwa osobowa Wawrzyńczyk, Jan
Daty związane z nazwą (1944- ).
942 ## - DODATKOWE ELEMENTY (KOHA)
Typ dokumentu Książka
Egzemplarze
Wycofany Status egzemplarza Uszkodzony Dostępność Lokalizacja stała Lokalizacja bieżąca Miejsce przechowywania Sygnatura Kod kreskowy Ostatnio wypożyczono Dział Typ dokumentu
      Tylko na miejscu Biblioteka Politechniki Koszalińskiej Biblioteka Politechniki Koszalińskiej Czytelnia Wydziałowa ul. Kwiatkowskiego 6e 86559 02418223 28.10.2022 811.161.1(03) Język rosyjski - encyklopedie, słowniki Książka
© 2023 Biblioteka Politechniki Koszalińskiej :: KOHA